000 00593nam a2200229Ia 4500
003 OSt
005 20220918231204.0
006 a|||||r|||| 00| 0
007 ta
008 220917b |||||||| |||| 00| 0 eng d
024 _a266,834
037 _cTextual
040 _aARTS
_cARTS
_benu
041 _2enu
_aenu
082 _aO111,3NRE,1, 168H3
100 _aThirath Ram Firozpuri
_9154008
245 0 _aKhooni chakkar
260 _c1943
650 _aENGLISH LITERATURE
942 _hO111,3NRE,1, 168H3
_cTEXL
_2CC
999 _c290140
_d290140